01287nam a22001937a 450000500170000000800410001704000290005804100080008705000170009510000280011224501370014025000180027726000560029530000470035150505850039865000510098370000280103470000310106220251217170552.0251217b ||||fr|||| 00| 0 eng d aCENDOC CAAAPbspacCAAAP aspa aJC 599b.W541 aWiesse, Patriciaeautor1 aCuando violar a una mujer era pan de cada día :bEl caso de Manta y Vilca /cPatricia Wiesse, Gerardo Saravia, Juan José Quispe  a1ra edición 1aLima, Perú : bInstituto de Defensa Legal,c2018. a99 páginas :bilustraciones,c21 x 15 cm aContenido: I: M. A. B. -- II: Cuando M. A. B. fue violada tenía 15 años -- III: Huancavelica -- IV: Prolegómenos de un juicio -- V: N. P. M., señora de ojos verdes -- VI: El primer juicio -- VII: M. A. E. -- VIII: Cuando M. A. E. fue violada tenía 16 años -- IX: M. S. C. -- X. Cuando M. S. C. fue violada tenía 17 años ... ("pero era mi enamorada") -- XI: ¿Hasta cuándo se luchará por obtener justicia? -- XII: En medio de este oscuro panorama ... ¿es posible condenar a los militares acusados? -- XIII: ¿Por qué se considera un caso de lesa humanidad?. 0aViolencia de GénerovMujerxViolencia sexual1 aSaravia, Gerardoeautor1 aQuispe, Juan Joséeautor